000 00554nam a2200193Ia 4500
005 20250326143423.0
008 250326s9999 xx 000 0 und d
020 _a0-9652791-9-7
037 _aTextbook
040 _aFMSL
_beng
_cFMSL
041 _aeng
_2eng
084 _aX8(A):8 N6
_qFMSL
100 _aKinder J
_9745750
245 0 _a21st Century positioning : proven selling precepts
_cKinder J; Kinder G D
260 _aDallas
_bDallas, Taylor
_c1996
300 _aviii,229
942 _cTB
_hX8(A):8 N6
999 _c1299464
_d1299464